| 000 | 00832nam a22002897a 4500 | ||
|---|---|---|---|
| 001 | BR9000570 | ||
| 003 | BR-BrBNA | ||
| 005 | 20230928093350.0 | ||
| 007 | ta | ||
| 008 | 230509b bl.||||| |||| 00| 0 por d | ||
| 040 |
_aBR-BrBNA _bpor _cBiblioteca Nacional de Agricultura |
||
| 041 | _a(Por) | ||
| 072 |
_aE50; E12 _b/G514 |
||
| 090 | _ E50 BR9000570 | ||
| 100 | 1 | _aGuimaraes, M.D.A. | |
| 110 | 1 |
_aUniversidade Federal Rural do Rio de Janeiro, Itaguai (Brasil) _911225 |
|
| 245 | 1 | _aOs colonos de Rio Claro: Estudo de uma colonizacao no norte de Mato Grosso | |
| 260 | 3 |
_aItaguai, RJ (Brasil): _c1988. |
|
| 300 | _a209 p. | ||
| 500 | _a16 tables | ||
| 650 | _aCOLONIZACAO | ||
| 650 | _aMAO-DE-OBRA | ||
| 650 | _aMERCADO DE TRABALHO | ||
| 650 | _aMATO GROSSO | ||
| 909 |
_a202309 _bLucia _c55 _dLucia Elande |
||
| 942 | _cBK | ||
| 999 |
_c44565 _d44565 |
||